Countries with the Lowest Abortion Rates - Statistics

General Stats
  • This quiz has been taken 24 times
  • The average score is 8 of 15
Answer Stats
# Country Continent % Correct
4.9 Italy Europe
77%
5.6 Portugal Europe
68%
1.3 Austria Europe
64%
2.7 Croatia Europe
64%
5.4 Germany Europe
64%
4.8 Serbia Europe
64%
1.2 Albania Europe
55%
4.4 Slovakia Europe
55%
6.0 Montenegro Europe
50%
5.1 Switzerland Europe
50%
4.4 Luxembourg Europe
45%
4.3 Lithuania Europe
41%
2.7 Turkey Asia
41%
5.0 Singapore Asia
23%
0.4 Algeria Africa
14%
No matching quizzes found
Score Distribution
Percent of People with Each Score
Percentile by Number Answered
Your Score History
You have not taken this quiz